| 000 | 00522nam a2200181Ia 4500 | ||
|---|---|---|---|
| 999 |
_c14297 _d14297 |
||
| 003 | OSt | ||
| 005 | 20201208143217.0 | ||
| 008 | 190216s9999||||xx |||||||||||||| ||und|| | ||
| 020 | _a9788188000005 | ||
| 040 | _coclc | ||
| 082 |
_a915.48300222 _bPUS/R |
||
| 100 |
_aPushpanath, Salim _97301 |
||
| 245 | 0 |
_aRomancing Kerala / _cSalim Pushpanath |
|
| 260 |
_bSalim Pushpanath, _aKottayam: |
||
| 300 | _a80p | ||
| 650 | _aEnglish Story | ||
| 942 |
_cBK _2ddc _h915.48300222 _iPUS/R _k915.48300222 _mPUS/R |
||